000 002370000a22000850004500
245 1 0 _aWheaton-83 : La iglesia en respuesta a las necesidades humanas
300 _aVol 5, Núm 10 (1983), Páginas 101-114
773 0 _tPastoralia
942 _cANA
999 _c53281
_d53281